The new entrepreneurs (Record no. 52120)

MARC details
000 -LEADER
fixed length control field 00768nam a2200205 a 4500
008 - FIXED-LENGTH DATA ELEMENTS--GENERAL INFORMATION
fixed length control field 120416s1985 ||||||||||||||||| || u
020 ## - INTERNATIONAL STANDARD BOOK NUMBER
International Standard Book Number 0140079734
050 ## - LIBRARY OF CONGRESS CALL NUMBER
Classification number HD 62.7 Gev
100 ## - MAIN ENTRY--PERSONAL NAME
Personal name Gevirtz, Don
245 14 - TITLE STATEMENT
Title The new entrepreneurs
246 ## - VARYING FORM OF TITLE
Title proper/short title innovation in American business
260 ## - PUBLICATION, DISTRIBUTION, ETC.
Place of publication, distribution, etc. New York
Name of publisher, distributor, etc. Penguin
Date of publication, distribution, etc. 1985
300 ## - PHYSICAL DESCRIPTION
Extent 223p.
350 ## - PRICE (NR) (BK AM CF MU VM SE) [OBSOLETE]
Price 0.00
500 ## - GENERAL NOTE
General note Reprint. Originally published: Business plan for America. New York : Putnam, c1984. -Includes bibliographical references.
650 #0 - SUBJECT ADDED ENTRY--TOPICAL TERM
Topical term or geographic name entry element ENTREPRENEURSHIP
650 ## - SUBJECT ADDED ENTRY--TOPICAL TERM
Topical term or geographic name entry element Small business--United States--Management
650 #0 - SUBJECT ADDED ENTRY--TOPICAL TERM
Topical term or geographic name entry element BUSINESS
995 ## - RECOMMENDATION 995 [LOCAL, UNIMARC FRANCE]
-- 0.00
-- CBU-MAIN LIBRARY (Kitwe)
-- 1
-- 7.95
-- 1
-- DAMAGED
-- Main Library Open Access Collection
Holdings
Withdrawn status Lost status Source of classification or shelving scheme Damaged status Not for loan Home library Current library Shelving location Date acquired Total Checkouts Full call number Barcode Date last seen Price effective from Koha item type
          CBU-MAIN LIBRARY, KITWE. CBU-MAIN LIBRARY, KITWE.   11/30/2022   HD 62.7 Gev 003873 11/30/2022 11/30/2022 MONOGRAPH